108 nhân vật làm thay đổi thế giới

Zapisane w:
Opis bibliograficzny
1. autor: TÂN ĐÔN
Format: Książka
Język:Undetermined
Wydane: H. VHTT 2002
Hasła przedmiotowe:
Etykiety: Dodaj etykietę
Nie ma etykietki, Dołącz pierwszą etykiete!
Thư viện lưu trữ: Trung tâm Học liệu Trường Đại học Cần Thơ
LEADER 00478nam a2200169Ia 4500
001 CTU_50671
008 210402s9999 xx 000 0 und d
082 |a 909.0492 
082 |b T121 
100 |a TÂN ĐÔN 
245 0 |a 108 nhân vật làm thay đổi thế giới 
245 0 |c TÂN ĐÔN; Culture Globe 
260 |a H. 
260 |b VHTT 
260 |c 2002 
650 |a celebrities,world history 
980 |a Trung tâm Học liệu Trường Đại học Cần Thơ